| 000 | 00599aam a2200217 4500 | ||
|---|---|---|---|
| 005 | 20160831130130.0 | ||
| 008 | 150721b xxu||||| |||| 00| 0 spa d | ||
| 041 | _aEspañol | ||
| 082 | _a004.67 D975a | ||
| 100 |
_aDuthie, Andrew G. _99113 |
||
| 245 | _aAprenda ya Microsoft ASP.NET | ||
| 260 |
_aMéxico _bMcGraw-Hill _c2002 |
||
| 300 | _a458 páginas | ||
| 500 | _aContiene disco compacto No. 346 | ||
| 650 |
_aREDES DE COMPUTADORES _96512 |
||
| 650 |
_aACTIVE SERVER PAGES.NET _95628 |
||
| 650 |
_aASP.NET _99114 |
||
| 650 |
_aWEB ASP.NET _99115 |
||
| 650 |
_aWEB FORM _99116 |
||
| 942 | _cBK | ||
| 999 |
_c2008 _d2008 |
||